|
|
|
|
| LEADER |
01680nam a22003734a 4500 |
| 001 |
34593 |
| 003 |
BD-DhAAL |
| 005 |
20211129110516.0 |
| 008 |
190411t2010 enka b 101 0 eng |
| 999 |
|
|
|c 40742
|d 40742
|
| 010 |
|
|
|a 2010398087
|
| 020 |
|
|
|a 9781853396908 (pbk.)
|
| 040 |
|
|
|a DLC
|c DLC
|d DLC
|d BD-DhAAL
|
| 050 |
0 |
0 |
|a HC79.P6
|b W46 2010
|
| 082 |
0 |
0 |
|a 362.56
|2 22
|
| 245 |
0 |
0 |
|a What Works for the Poorest? :
|b poverty reduction programmes for the world's extreme poor /
|c edited by David Lawson ... [et al.].
|
| 260 |
|
|
|a Rugby, England :
|b Practical Action Pub.,
|c c2010.
|
| 300 |
|
|
|a xviii, 282 pages :
|b illustrations ;
|c 23 cm.
|
| 500 |
|
|
|a Papers presented at an international conference for the exchange of ideas and practical approaches to improving the well-being of the extreme poor, held at the BRAC Centre in Dhaka, Bangladesh, in 2006.
|
| 504 |
|
|
|a Includes bibliographical references and index.
|
| 526 |
|
|
|a BBS
|
| 541 |
|
|
|a Development Book Agency
|e 34593
|
| 650 |
|
0 |
|a Poor
|x Services for
|v Congresses.
|9 31195
|
| 650 |
|
0 |
|a Economic assistance, Domestic
|v Congresses.
|9 31196
|
| 650 |
|
0 |
|a Poverty
|x Government policy
|v Congresses.
|9 31197
|
| 650 |
|
0 |
|a Economic assistance
|v Congresses.
|9 31198
|
| 650 |
|
0 |
|a Business & finance.
|9 43342
|
| 700 |
1 |
|
|a Lawson, David.
|9 31199
|
| 700 |
1 |
|
|a Hulme, David
|9 31200
|
| 700 |
1 |
|
|a Matin, Imran
|9 31201
|
| 700 |
1 |
|
|a Moore, Kren
|9 31202
|
| 852 |
|
|
|a Ayesha Abed Library
|c General Stacks
|
| 942 |
|
|
|2 ddc
|c BK
|
| 952 |
|
|
|0 0
|1 0
|2 ddc
|4 0
|6 362_560000000000000_WAT
|7 0
|9 65378
|a BRACUL
|b BRACUL
|c GEN
|d 2019-04-11
|e Development Book Agency
|g 4500.00
|l 1
|m 4
|o 362.56 WAT
|p 3010034593
|r 2020-01-28
|s 2019-04-11
|t 1
|v 4500.00
|w 2019-04-11
|y BK
|